halting degradation of naturale resources (Record no. 2166)
[ view plain ]
| 000 -LEADER | |
|---|---|
| fixed length control field | 00746nac a22001811u 4500 |
| 010 ## - LIBRARY OF CONGRESS CONTROL NUMBER | |
| LC control number | 012602826 |
| 020 ## - INTERNATIONAL STANDARD BOOK NUMBER | |
| International Standard Book Number | 0198290616 |
| 028 ## - PUBLISHER NUMBER | |
| Source | www.lib.uk |
| 082 ## - DEWEY DECIMAL CLASSIFICATION NUMBER | |
| Classification number | 333.72 |
| Item number | B182 |
| 090 ## - LOCALLY ASSIGNED LC-TYPE CALL NUMBER (OCLC); LOCAL CALL NUMBER (OCLC) | |
| -- | 2166 |
| -- | 2166 |
| 100 ## - MAIN ENTRY--PERSONAL NAME | |
| Personal name | baland,jean-marie and eau,jea |
| 245 ## - TITLE STATEMENT | |
| Title | halting degradation of naturale resources |
| Remainder of title | is there a role for rural communities |
| Statement of responsibility, etc | jean-marie baland and jean-philippe platteau |
| 260 ## - PUBLICATION, DISTRIBUTION, ETC. (IMPRINT) | |
| Place of publication, distribution, etc | new york |
| Name of publisher, distributor, etc | united nations,1996 |
| Date of publication, distribution, etc | 1996 |
| 300 ## - PHYSICAL DESCRIPTION | |
| Extent | 423p. : |
| Other physical details | ill. ; |
| Dimensions | 24cm |
| 440 ## - | |
| -- | halting degradation of naturale resources :is there a role for natural communities |
| 942 ## - ADDED ENTRY ELEMENTS (KOHA) | |
| Item type | Book - Borrowing |
| Call number prefix | 333.72B182 |
| Withdrawn status | Item status | Damaged status | Not for loan | Home library | Current library | Shelving location | Date acquired | Source of acquisition | Total Checkouts | Full call number | Barcode | Date last seen | Cost, replacement price | Koha item type |
|---|---|---|---|---|---|---|---|---|---|---|---|---|---|---|
| Central Library | Central Library | First floor | 07/02/2012 | Purchase | 333.72 BAL | 000002215 | 15/07/2025 | 149.60 | Book - Borrowing |